The premise of inequality in Ruanda: a study of political relations in a central African kingdom (Record no. 372984)

000 -LEADER
fixed length control field 00429cam a22001337a 4500
008 - FIXED-LENGTH DATA ELEMENTS--GENERAL INFORMATION
fixed length control field 180718b1961 xxu||||| |||| 00| 0 eng d
082 ## - DEWEY DECIMAL CLASSIFICATION NUMBER
Classification number B19x6757 M322
100 ## - MAIN ENTRY--PERSONAL NAME
Personal name Maquet, Jacques J.
245 ## - TITLE STATEMENT
Title The premise of inequality in Ruanda: a study of political relations in a central African kingdom
Statement of responsibility, etc. by Jacques J. Maquet
260 ## - PUBLICATION, DISTRIBUTION, ETC.
Place of publication, distribution, etc. London
Name of publisher, distributor, etc. OUP
Date of publication, distribution, etc. 1961
300 ## - PHYSICAL DESCRIPTION
Extent 199p.
500 ## - GENERAL NOTE
General note 35/-
650 ## - SUBJECT ADDED ENTRY--TOPICAL TERM
Topical term or geographic name entry element Social Conditions - Ruanda
Holdings
Withdrawn status Lost status Damaged status Not for loan Permanent Location Current Location Date acquired Full call number Barcode Date last seen Price effective from Koha item type
        Indian Institute of Public Administration Indian Institute of Public Administration 1994-06-18 B19x6757 M322 26314 2018-07-21 2018-07-21 Book

Powered by Koha